<?xml version="1.0" encoding="UTF-8"?><?xml-stylesheet type="text/xsl" href="static/style.xsl"?><OAI-PMH xmlns="http://www.openarchives.org/OAI/2.0/" xmlns:xsi="http://www.w3.org/2001/XMLSchema-instance" xsi:schemaLocation="http://www.openarchives.org/OAI/2.0/ http://www.openarchives.org/OAI/2.0/OAI-PMH.xsd"><responseDate>2026-04-14T03:47:47Z</responseDate><request verb="GetRecord" identifier="oai:www.recercat.cat:2072/430443" metadataPrefix="marc">https://recercat.cat/oai/request</request><GetRecord><record><header><identifier>oai:recercat.cat:2072/430443</identifier><datestamp>2025-04-27T03:23:40Z</datestamp><setSpec>com_2072_98</setSpec><setSpec>col_2072_378192</setSpec></header><metadata><record xmlns="http://www.loc.gov/MARC21/slim" xmlns:dcterms="http://purl.org/dc/terms/" xmlns:xsi="http://www.w3.org/2001/XMLSchema-instance" xmlns:doc="http://www.lyncode.com/xoai" xsi:schemaLocation="http://www.loc.gov/MARC21/slim http://www.loc.gov/standards/marcxml/schema/MARC21slim.xsd">
   <leader>00925njm 22002777a 4500</leader>
   <datafield ind2=" " ind1=" " tag="042">
      <subfield code="a">dc</subfield>
   </datafield>
   <datafield ind2=" " ind1=" " tag="720">
      <subfield code="a">Pagès Blanch, Joan</subfield>
      <subfield code="e">author</subfield>
   </datafield>
   <datafield ind2=" " ind1=" " tag="720">
      <subfield code="a">Santisteban, Antoni</subfield>
      <subfield code="e">author</subfield>
   </datafield>
   <datafield ind2=" " ind1=" " tag="260">
      <subfield code="c">2010</subfield>
   </datafield>
   <datafield ind2=" " ind1=" " tag="520">
      <subfield code="a">El tiempo es un concepto muy complejo y sólo se entiende a partir de un análisis amplio y transdisciplinario. Cuando se enseña la historia a los niños se debe considerar esa complejidad remitiéndonos, por lo tanto, a nuevas representaciones del tiempo histórico. En este texto se destaca el papel de la didáctica de la historia para proponer un modelo conceptual de tiempo a través de la síntesis de diversas investigaciones sobre el tema. Por último se desea que la historia tenga significado para los niños como una herramienta para comprender mejor el presente de un pasado y aprender a intervenir en el futuro de un presente</subfield>
   </datafield>
   <datafield ind2=" " ind1=" " tag="520">
      <subfield code="a">Time is a very complex concept that can only be understood from broad and transdisciplinary analyses. When teaching history to children such complexity should be considered, thus referring us to new representations of historical time. This text highlights the role of teaching history in the proposal of a conceptual model of time based on the synthesis of several investigations on that matter. Ultimately, it whishes that, for children, history had the meaning of a tool that helps them better understand the present of a past time and learn to intervene in the future time of a present</subfield>
   </datafield>
   <datafield tag="653" ind2=" " ind1=" ">
      <subfield code="a">Tiempo histórico</subfield>
   </datafield>
   <datafield tag="653" ind2=" " ind1=" ">
      <subfield code="a">Enseñanza de la historia</subfield>
   </datafield>
   <datafield tag="653" ind2=" " ind1=" ">
      <subfield code="a">Didáctica de la historia</subfield>
   </datafield>
   <datafield tag="653" ind2=" " ind1=" ">
      <subfield code="a">Historical time</subfield>
   </datafield>
   <datafield tag="653" ind2=" " ind1=" ">
      <subfield code="a">History teaching</subfield>
   </datafield>
   <datafield tag="653" ind2=" " ind1=" ">
      <subfield code="a">History didactics</subfield>
   </datafield>
   <datafield ind2="0" ind1="0" tag="245">
      <subfield code="a">La enseñanza y el aprendizaje del tiempo histórico en educación primaria</subfield>
   </datafield>
</record></metadata></record></GetRecord></OAI-PMH>